Beste La Liga Torschützen Atlético Madrid - Statistiken

Allgemein
  • Dieses Quiz wurde 185 mal gespielt
    103 seit der letzten Aktualisierung
  • Das Durchschnittsergebnis liegt bei 18 aus 34
Antwortstatistiken
Saison Nationalität Tore Spieler % Korrekt
2023/24 Frankreich 16 Antoine Griezmann
99%
2022/23 Frankreich 15 Antoine Griezmann
99%
2018/19 Frankreich 15 Antoine Griezmann
99%
2017/18 Frankreich 19 Antoine Griezmann
99%
2016/17 Frankreich 16 Antoine Griezmann
99%
2015/16 Frankreich 22 Antoine Griezmann
99%
2014/15 Frankreich 22 Antoine Griezmann
99%
2020/21 Uruguay 21 Luis Suárez
91%
2009/10 Uruguay 18 Diego Forlán
84%
2008/09 Uruguay 32 Diego Forlán
84%
2024/25 Norwegen 20 Alexander Sørloth
82%
2012/13 Kolumbien 28 Radamel Falcao
78%
2011/12 Kolumbien 24 Radamel Falcao
78%
2019/20 Spanien 12 Álvaro Morata
64%
2006/07 Spanien 14 Fernando Torres
62%
2005/06 Spanien 13 Fernando Torres
62%
2004/05 Spanien 16 Fernando Torres
62%
2003/04 Spanien 19 Fernando Torres
62%
2002/03 Spanien 13 Fernando Torres
62%
2010/11 Argentinien 20 Sergio Agüero
58%
2007/08 Argentinien 19 Sergio Agüero
58%
2013/14 Spanien 27 Diego Costa
56%
2021/22 Argentinien 12 Ángel Correa
49%
1997/98 Italien 24 Christian Vieri
7%
1999/00 Niederlande 24 Jimmy Floyd Hasselbaink
6%
1998/99 Spanien 9 José Mari
2%
1994/95 Spanien 9 Kiko
2%
1991/92 Spanien 27 Manolo
2%
1990/91 Spanien 16 Manolo
2%
1994/95 Spanien 9 Caminero
1%
1996/97 Argentinien 16 Juan Esnáider
1%
1995/96 Bulgarien 16 Luboslav Penev
1%
1993/94 Mexiko 11 Luis García Postigo
1%
1992/93 Mexiko 17 Luis García Postigo
1%
Keine übereinstimmenden Quizze gefunden
Verteilung der Resultate
Anzahl Personen mit jedem Resultat
Perzentil nach korrekt beantworteten Fragen
Ihre Resultats-Entwicklung
Sie haben dieses Quiz seit der letzten Aktualisierung nicht gespielt